00488 2200205 4500001002100000005001500021008004100036020001800077035001900095041000700114082001100121090001700132100001500149245002100164250001500185260002500200300002400225500001100249650002200260INLIS00000000000147420241224112345241224||||||||| | ||| |||| || |  a979-1073-88-0 0010-1224001474 aid0 a616.89 a616.89 IYU k0 aIyus Yosep00aKeperawatan Jiwa aEd. Revisi bRefika Aditamac2010 axx, 378 hlm.; 22 cm aCet. 3 0aIlmu Keterampilan